| 000 | 00309nam a22001217a 4500 | ||
|---|---|---|---|
| 040 | _cNUST | ||
| 082 | _a658.21 MAZ-P | ||
| 100 |
_aMazda, Fraidoon _962240 |
||
| 245 | _aEngineering Management | ||
| 260 |
_aNew Delhi: _bPearson Education, _c2000. |
||
| 650 |
_aEngineering Management _967147 |
||
| 942 |
_2ddc _cBK |
||
| 999 |
_c595444 _d595444 |
||